000 00468nam a22001217a 4500
008 160222b xxu||||| |||| 00| 0 eng d
100 _aSalm, Karl
245 _aMichel-Handbuch-Katalog "Pfennige"
260 _aMunich, Germany
_bSchwaneberger Verlag
_c1977
650 _aGermany | 1875-1877 | Definitive Issues | 19th Century | Production | Errors and Varieties | Color | Collecting -- Guides and Handbooks
700 _aZenker, Gotwin
700 _aHuene, Erik Freiherr von
999 _c1800
_d1800